Normal view
MARC view
- M. A. Aziz, M. S. Akhtar
Entry Personal Name
001 - CONTROL NUMBER
- control field: 45674
003 - CONTROL NUMBER IDENTIFIER
- control field: NUST
005 - DATE AND TIME OF LATEST TRANSACTION
- control field: 20210314133323.0
008 - FIXED-LENGTH DATA ELEMENTS
- fixed length control field: 210314|| aca||aabn | a|a d
040 ## - CATALOGING SOURCE
- Original cataloging agency: NUST
- Transcribing agency: NUST
100 ## - HEADING--PERSONAL NAME
- Personal name: M. A. Aziz, M. S. Akhtar
670 ## - SOURCE DATA FOUND
- Source citation: Work cat.: (NUST): M. A. Aziz, M. S. Akhtar, A Text Book for Estimating and Costing
